| 000 | 01478nam a2200421 a 4500 | ||
|---|---|---|---|
| 001 | 000010994 | ||
| 003 | DO-SdBNP | ||
| 005 | 20170919131134.0 | ||
| 007 | 000010994 | ||
| 008 | 091013s2009 dr a 001 0 spa d | ||
| 040 |
_aBPMSU _bspa _cBPMSU |
||
| 092 |
_a150 _bM516i, 2009 |
||
| 100 | 1 |
_aMejía-Ricart G., Tirso, _d1936- |
|
| 245 | 1 | 0 |
_aIntroducción a la psicología / _cTirso Mejía-Ricart G. ; colaboración Francisco Pancorbo ... [et al.] ; prólogo Eneiro Rodríguez Arias. |
| 250 | _a12a ed. | ||
| 260 |
_aSanto Domingo : _bFundación Mejía Ricart-Gúzman Boom, _c2009. |
||
| 300 |
_a400 p. : _bil. ; _c22 cm. |
||
| 490 | 1 |
_aTextos básicos _v1 |
|
| 500 | _aIncluye índice alfabético de materias | ||
| 504 | _aIncluye referencias bibliográficas al final de los capítulos | ||
| 650 | 4 | _aPSICOLOGÍA | |
| 650 | 4 | _aCONDUCTA (PSICOLOGÍA) | |
| 650 | 4 | _aMOTIVACIÓN | |
| 650 | 4 | _aAPRENDIZAJE | |
| 650 | 4 | _aPERSONALIDAD | |
| 650 | 4 | _aSALUD MENTAL | |
| 700 | 1 | _aRodríguez Arias, Eneiro | |
| 830 | 0 |
_aTextos Básicos _v1 |
|
| 910 | _aValidado. Control de calidad BNPHU | ||
| 930 | 1 |
_lBND01 _mLF1 _h150 _820091013 _f04 _pHD _g6161 |
|
| 930 | 1 |
_lBND01 _mLF1 _h150 _820091013 _f01 _pHD _g6160 _he. 2 |
|
| 942 |
_2ddc _cBK |
||
| 945 | _aInventariado, 2017/MFF | ||
| 956 |
_aJPARRA _b10 _c20091013 _lBND01 _h1409 |
||
| 956 |
_aBTAVAREZ _b10 _c20091014 _lBND01 _h1340 |
||
| 956 |
_aMMOLINA _b40 _c20110602 _lBND01 _h1116 |
||
| 956 |
_aVMATEO _b10 _c20150806 _lBPMSU _h00151 |
||
| 999 |
_c8098 _d8098 |
||